000 00352nam a2200133Ia 4500
008 231129s2006||||xx |||||||||||||| ||spa||
020 _a8236-62-2
082 _aER- 351
100 _aHinestrosa Dukardo
245 0 _aPasaje a Pereira
260 _c2006
264 _aPereira: Papiro 2006
942 _2ddc
_cBKS
999 _c22459
_d22459